Lana Del Rey Sudden Death - Statistics

General Stats
  • This quiz has been taken 503 times
  • The average score is 9 of 15
Answers on the Grid
Answers color-coded by a green-red scale on the quiz's grid according to % correct below.
Body Electric
Halo
Noir
Paris
Summer Song
Lovegame
Arcadia
Florida Kilos
Shadow of your smile
Peppers
Everything I wanted
Lovely
Flipside
Hello
Selfish
Text Book
Kaleidoscope
If you lie down with me
Melting
Fourth of July
Violet for Roses
Labyrinth
You Must Love Me
Safe & Sound
Dark Paradise
Everytime
Radio
Midas
Bel Air
Melancholia
 
Answer Stats
Answer % Correct
Dark Paradise
83%
Body Electric
80%
Radio
80%
Bel Air
75%
Florida Kilos
75%
Arcadia
70%
Peppers
69%
Violet for Roses
65%
If you lie down with me
61%
Text Book
60%
Flipside
42%
Paris
30%
Noir
26%
You Must Love Me
24%
Melancholia
20%
No matching quizzes found
Score Distribution
Percent of People with Each Score
Percentile by Number Answered
Your Score History
You have not taken this quiz